000 005100000a22001690004500
003 MACL
005 20160211123127.0
008 160211b xxu||||| |||| 00| 0 eng d
040 _aMACL
_cMACL
041 _aHindi
082 _a155
100 _aराजकमल
_937816
245 _aहमारे बच्‍चे 6 से 12 वर्ष तक
260 _bराजकमल प्रकाशन
_aनई दिल्‍ली
650 _aChild Psychology
_923616
942 _cHIN
_k155
_2ddc
999 _c30020
_d30020